| 000 | 02033cam a2200277 i 4500 | ||
|---|---|---|---|
| 001 | 16139 | ||
| 003 | DO-SdUEMH | ||
| 005 | 20260109202433.0 | ||
| 007 | ta | ||
| 008 | 211105s1978 dr |||gr|||||000 0 spa|d | ||
| 040 |
_aDO-SdUEMH _bspa _erda |
||
| 041 | _aspa | ||
| 082 | 1 | 4 |
_mRD _aRD305.57293 B742C _bB742c |
| 084 | _b08-00236 | ||
| 100 |
_aBosch, Juan, 1909-2001 _eaut |
||
| 245 | 1 | 0 |
_aComposición social dominicana : historia e interpretación / _cJuan Bosch |
| 260 | _c1978 | ||
| 264 | 0 | 1 |
_aSanto Domingo, República Dominicana : _bAlfa y omega, _c1978 |
| 300 |
_a418 páginas ; _c21 cm. |
||
| 336 |
_2rdacontent _atexto _btxt |
||
| 337 |
_2rdamedia _asin mediación _bn |
||
| 338 |
_2rdacarrier _avolumen _bnc |
||
| 505 | 1 | _aOrigen de las clases sociales en Santo Domingo -- Aparición y declinación de una oligarquía del azúcar -- De los ingenios a los hatos -- El desarrollo de la sociedad hatera -- La curiosa sociedad de los bucaneros -- La colonia francesa de Saint-Domingue -- El siglo de la miseria -- De la inamovilidad del siglo XVII al dinamismo del siglo XVIII -- Medio siglo de relativo desarrollo -- Santo Domingo en el panorama del Caribe -- La revolución haitiana -- El caso de las emigraciones -- El gobierno de los hateros y la sociedad de los cosecheros de tabaco -- Las causas de la invasión haitiana en 1822 -- La pequeña burguesía en la historia dominicana -- La pequeña burguesía contra el poder de los hateros -- Luchas en el seno de la pequeña burguesía -- La restauración, obra de la pequeña burguesía -- El largo reinado de la pequeña burguesía en la vida política nacional -- La composición social y los partidos políticos de la época -- El gobierno de los azules o el camino hacia la sociedad burguesa -- De la muerte de Heureaux a la muerte de Cáceres -- El imperialismo en acción -- La composición social hasta 1930 -- Trujillo, o el paso de la pequeña burguesía a la burguesía -- La composición social a la muerte de Trujillo. | |
| 942 |
_2ddc _cBK _n0 |
||
| 999 |
_c16139 _d16139 |
||